000 00769nam a2200229Ia 4500
005 20250108124906.0
008 008 250107s9999 xx 000 0 hin d
020 _a978-93-94987-53-1
037 _aTB
040 _aCRL
_bhin
_cCRL
041 _ahin
_2hin
084 _aQ7:21:g R3
084 _qCRL
100 _aशर्मा, सुरेश, ले.
245 0 _aआधुनिकता और पैगन सभ्यताए
_cशर्मा, सुरेश, ले.
260 _aनई दिल्ली, भारत
_bराजकमल प्रकाशन
_c2573
300 _a128पृ0
365 _aINR
_b230
650 _aहिन्दी साहित्य
942 _cTB
_hQ7:21:g R3
999 _c1234961
_d1234961